Corazon - JUL & GIMS (paroles) - Statistiques

Statistiques générales
  • Ce quiz a été pris 24 fois
  • Le résultat moyen est 225 sur 414
Statistiques - réponses
Paroles % Correct
corazon
95%
cassé
80%
JUL J'ai
80%
j'ai
80%
mon
80%
Mon
80%
pas
80%
passé
80%
dans
75%
la
75%
75%
La
75%
temps
75%
zone,
75%
zone
75%
à
70%
je
70%
le
70%
tu
70%
Ils
65%
ils
65%
Son
65%
sont
65%
avec
60%
en
60%
fais
60%
fait
60%
G
60%
me
60%
nuit,
60%
nuit
60%
ou
60%
quand
60%
Quand
60%
GIMS Beaucoup
55%
comme
55%
gadji
55%
J'te
55%
GIMS (J'te
55%
j'te
55%
On
55%
on
55%
que
55%
tes
55%
trop
55%
va
55%
vie
55%
bruit
50%
d'amis
50%
dit
50%
d'la
50%
donc
50%
mer
50%
nuits
50%
passes
50%
plage,
50%
Plus
50%
qui
50%
qu'on
50%
s'amuse
50%
s'ennuie
50%
s'ennuie,
50%
tellement
50%
vient
50%
Bébé
45%
copinage
45%
d'ennemis
45%
elle
45%
et
45%
l'coquillage
45%
l'dis
45%
loin
45%
m'a
45%
ouais
45%
oui
45%
oui,
45%
peau
45%
peu
45%
Savastano
45%
somme
45%
somme,
45%
tout
45%
très
45%
année
40%
bien
40%
bonne
40%
c'est
40%
C'est
40%
chalet
40%
d'dégâts
40%
Du
40%
HLM,
40%
HS,
40%
jamais
40%
J'sais
40%
j'sais
40%
J'suis
40%
l'ennemi
40%
l'été
40%
l'mode
40%
méditer,
40%
mi
40%
moi,
40%
Pays-Bas
40%
Ashley
35%
au
35%
blasés
35%
Châtelet
35%
d'emploi,
35%
derrière
35%
d'sourires
35%
d'sourires,
35%
est
35%
hanani
35%
hanani)
35%
hermano,
35%
Ko
35%
les
35%
mais
35%
Samui,
35%
sans
35%
suis
35%
toi,
35%
véhicule
35%
vrai
35%
Ambiance
30%
bateau
30%
cadeau
30%
colle
30%
des
30%
enchaîné
30%
encore,
30%
khene,
30%
l'passé
30%
manos,
30%
mène
30%
Nautilus,
30%
nous
30%
perdu
30%
pote
30%
qu'elle
30%
Rappeur
30%
reverras
30%
sang
30%
s'appelle
30%
tous
30%
avant
25%
Berlingo,
25%
connais
25%
connu
25%
d'abord
25%
doute
25%
j'appelle
25%
l'ai
25%
L'apporte
25%
m'dit
25%
n'la
25%
partent,
25%
si
25%
t'aime
25%
t'étais
25%
un
25%
viennent
25%
ah
20%
coups
20%
danser
20%
d'me
20%
faut
20%
l'respect
20%
m'demander
20%
regarder
20%
retrouver
20%
t'as
20%
toujours
20%
vas
20%
y'a
20%
j'l'amène
15%
qu'j'suis
5%
Aucun quiz correspondant
Distribution des résultats
% des personnes avec chaque résultat
Percentile par nombre de réponses
Votre historique - résultats
Vous n’avez pas pris ce quiz